Statistics for Houston Rockets 2016-17 Roster

Click here to take the quiz!

General Stats

  • This quiz has been taken 391 times
    (343 since last reset)
  • The average score is 7 of 15

Answer Stats

NbrPostPlayer% Correct
13GuardJames Harden
100%
15CenterClint Capela
84%
10GuardEric Gordon
77%
1ForwardTrevor Ariza
69%
2GuardPatrick Beverley
67%
42Center-ForwardNene
64%
-Head CoachMike D'Antoni
61%
3ForwardRyan Anderson
58%
12GuardLou Williams
45%
7ForwardSam Dekker
35%
5ForwardMontrezl Harrell
34%
8GuardBobby Brown
22%
21Forward-CenterChinanu Onuaku
17%
30ForwardKyle Wiltjer
12%
18GuardIsaiah Taylor
1%

Score Distribution

Percentile by Number Answered

Percent of People with Each Score

Your Score History

You have not taken this quiz since the last reset